Poems, (Record no. 16740)

MARC details
000 -LEADER
fixed length control field 00556cam a22002051 4500
001 - CONTROL NUMBER
control field ca 30001505
003 - CONTROL NUMBER IDENTIFIER
control field DLC
005 - DATE AND TIME OF LATEST TRANSACTION
control field 20260227111124.0
008 - FIXED-LENGTH DATA ELEMENTS--GENERAL INFORMATION
fixed length control field 880919s1930 oruc 000 0 eng
010 ## - LIBRARY OF CONGRESS CONTROL NUMBER
LC control number ca 30001505
035 ## - SYSTEM CONTROL NUMBER
System control number (OCoLC)18498263
040 ## - CATALOGING SOURCE
Original cataloging agency DLC
Transcribing agency RPB
Modifying agency DLC
042 ## - AUTHENTICATION CODE
Authentication code premarc
050 00 - LIBRARY OF CONGRESS CALL NUMBER
Classification number PS3531.H483
Item number P6 1930
082 ## - DEWEY DECIMAL CLASSIFICATION NUMBER
Classification number 811.5
100 1# - MAIN ENTRY--PERSONAL NAME
Personal name Phillips, Amy Carson.
245 00 - TITLE STATEMENT
Title Poems,
Statement of responsibility, etc. by Amy Carson Phillips.
260 ## - PUBLICATION, DISTRIBUTION, ETC.
Place of publication, distribution, etc. [Coquille, Or.,
Name of publisher, distributor, etc. Printed by C.E. Darling,
Date of publication, distribution, etc. c1930]
300 ## - PHYSICAL DESCRIPTION
Extent 7 p. l., 118, [7] p.
Other physical details port.
Dimensions 17 cm.

No items available.

Powered by Koha